000
00280nam a2200133Ia 4500
100
_a
Nilis/M.C & S.K . Jain
650
_a
General
942
_c
BK
245
_a
The Supervisor
260
_b
WILEY EASTERN LIMITED
_c
2001
082
_a
658.3
300
_a
311
546
_a
ENGLISH
999
_c
35663
_d
35663